Basketteurs par description. #1 - Statistiques

Statistiques générales
  • Ce quiz a été pris 368 fois
  • Le résultat moyen est 13 sur 15
Statistiques - réponses
Descriptions Basketteurs % Correct
Je suis sans aucun doute le meilleur joueur du XXIème siècle. Mes statistiques parlent pour moi. Je suis le meilleur scoreur de tous les temps avec plus de 40.000 points au compteur. Aujourd'hui encore, à plus de 40 ans, je continue à performer en NBA. Je suis une légende des Heat, des Cavs et des Lakers, je suis... Lebron James
100%
Comme mon compère au-dessus, j'ai marqué la NBA de mon empreinte, notamment grâce à mon habileté concernant les tirs à 3 points. Je me remarque également par ma capacité à être clutch dans les moments les plus cruciaux. Pensionnaire depuis plus de 15 ans aux Warriors, mon numéro 30 est désormais mythique. Je suis... Stephen Curry
99%
Je suis qualifié de meilleur joueur de tous les temps par mes pairs. En effet, avant mon arrivée, les Chicago Bulls n'avaient remporté aucun titre. C'est dans les années 1990 que j'ai permis à cette franchise d'être championne NBA à 6 reprises. Je suis un joueur complet, habile dans tous les compartiments du jeu. Je suis... Michael Jordan
95%
Je suis également un joueur des Lakers, et le meilleur marqueur de la franchise, de loin. J'ai été drafté en 1996 et j'ai évolué pendant 20 ans dans la franchise de mon coeur. Malheureusement, je suis décédé à l'âge de 40 ans dans un accident d'hélicoptère aux côtés de ma fille, ce qui contribue à ma légende. Je suis... Kobe Bryant
91%
J'ai évolué en NBA au tournant des années 2000. J'ai laissé une empreinte indélébile dans la franchise des Lakers. J'ai un physique impressionnant, plus de 2,10m pour 145 kilos. Je suis ainsi un pivot pratiquement indéfendable car impossible à bouger. Je suis... Shaquille O'Neal
90%
Je suis pour beaucoup le meilleur joueur des années 2020. Je suis un pivot moderne, sortant beaucoup de la raquette car ma vision de jeu hors norme me permet de réaliser un nombre de passes décisives incalculable. Je suis un joueur serbe évoluant du côté des Denver Nuggets. Je suis... Nikola Jokic
89%
J'ai quant à moi remporté le titre MVP en 2018, à la suite d'une année exceptionnelle aux Houston Rockets. Récemment, j'ai été trade aux Cavs, depuis les Clippers, équipe peu ambitieuse et vieillissante. Je suis reconnaissable par mon importante barbe. Je suis... James Harden
87%
Je suis un joueur des années 1980 à l'égo surdimensionné. J'ai une habileté à 3 points sans pareille. J'ai évolué du côté des Celtic de Boston dans une époque où le Basket a beaucoup évolué. Je fais partie de l'épopée de 1992, à l'âge de 35 ans, au sein la Dream Team avec laquelle je suis un personnage important. Je suis... Larry Bird
87%
Je suis un précurseur en NBA. En effet, j'ai majoritairement évolué dans les années 1960, période à laquelle la NBA était en claire émergence. Mes 2,16m m'ont permis de surclasser tous mes adversaires et de scorer énormément de points. J'ai par ailleurs marqué 100 points lors d'un match, établissant un record. Je suis... Wilt Chamberlain
87%
Je suis un véritable baroudeur en NBA, j'ai joué dans beaucoup de franchises, mais dans chacune, j'ai su marquer mon empreinte grâce à mon style atypique. En effet, je mesure 2,08m mais mon agilité me permet d'évoluer à beaucoup de postes et de marquer beaucoup de points. Je suis un personnage clivant, figure majeure de la domination des Warriors, je suis... Kevin Durant
86%
J'ai été récompensé des titres de MVP de saison régulière en 2019 et 2020. Quoi de plus normal pour moi, sans doute le meilleur poste 4 depuis près de 10 ans. J'ai permis également aux Milwaukee Bucks de remporter un titre NBA en 2021, aux côtés de Kris Middleton et Jrue Holiday. Surnommé le "Greek Freak", je suis... Giannis Antetokounmpo
85%
Je suis l'homme ayant réalisé le plus de triple double à l'instant T. J'ai laissé une empreinte importante au Thunder, franchise avec laquelle j'ai remporté un titre MVP en 2017. Je suis un meneur agile, n'hésitant pas à aller au contact et au rebond aux côtés des plus grands. Je suis... Russell Westbrook
80%
Comment ne pas parler de moi après avoir parlé de l'homme ci-dessus. Je constitue le deuxième personnage de la plus grande rivalité de l'histoire. J'ai joué aux Lakers, principalement dans les années 1980, en plein coeur de la rivalité avec les Celtic. J'ai été élu MVP des finales en 1980 lors de ma saison de rookie. Je suis... Magic Johnson
72%
Trop d'adjectifs sont nécessaires pour me décrire. Je suis le recordman de bagues remportées, toutes avec les Celtics (11) dans les années 1950-1960. J'étais l'homme de base de cette équipe de Boston, à jamais ancrée dans l'histoire de ce sport. Je suis également l'un des meilleurs défenseurs de l'histoire, à une époque où le jeu était basé sur l'offensive. Je suis... Bill Russell
64%
Je suis le meilleur contreur de l'histoire de la ligue. J'ai permis aux Rockets de remporter ses deux seuls titres, en 1994 et en 1995, période durant laquelle j'ai été élu MVP de saison régulière. Je suis un pivot efficace, médaillé d'or en 1996. Ma dernière saison aux Raptors en 2002 est anecdotique. Je suis... Hakeem Olajuwon
62%
Aucun quiz correspondant
Distribution des résultats
% des personnes avec chaque résultat
Percentile par nombre de réponses
Votre historique - résultats
Vous n’avez pas pris ce quiz